000 00735nam a2200193 a 4500
003 0
005 20250318152244.0
008 071127s19uu xx 00 eng d
050 _aPGS SB 608.M66.T47
_b.C388 2007
100 _aCecilio, Paolo Miguel E.
245 _aThe effects of temperature on the growth of Mongo (Vigna radiata) plant /
_cPaolo Miguel E. Cecilio.
260 _aLas PiƱas City, Philippines :
_bSouthville International School and Colleges,
_c2007.
300 _a21 pages :
_billustrations ;
_c28 cm.
504 _aIncludes bibliographical references.
650 _aVigna radiata
_vGrowth.
650 _aPlants
_vEffect of temperature on.
650 _aPlant physiology
_vTemperature effects.
942 _2lcc
_cPASS
999 _c97695
_d97695